[Event "46th Roda Open 2019"]
[Site "La Roda"]
[Date "2019.04.20"]
[Round "6.6"]
[White "Grigoryan, Karen H."]
[Black "Gonzalez Trigal, Jose Luis"]
[Result "1-0"]
[WhiteElo "2545"]
[BlackElo "2351"]
[Annotator "TA"]
[PlyCount "119"]
[EventDate "2019.04.17"]
[EventType "swiss"]
[EventCountry "ESP"]
[SourceTitle "playchess.com"]
[Source "ChessBase"]
[SourceQuality "1"]

{[%evp 16,119,5,0,0,0,2,-14,-14,-24,-24,-27,-24,-31,-13,-11,-17,-52,-42,-41,-30,-48,-34,-34,-31,-33,-26,-181,-145,-173,-173,-161,-31,-87,-76,-108,17,20,18,22,83,0,25,-150,-143,-139,-103,-219,-226,-204,-20,-248,-227,-233,-230,-522,-100,-129,25,25,27,19,20,20,52,42,258,258,258,250,348,322,452,450,531,531,531,531,531,531,531,531,531,490,483,333,29973,29974,29974,29975,29981,29982,29983,29982,29982,29981,29980,29981,29987,29988,29988,29989,29990,29991,29991,29992]} 1. e4 e5 2. Nc3 Nf6 3. g3 d5 4. exd5 Nxd5 5. Bg2 Nxc3 6. bxc3 Nc6 7. Nf3 Bc5 8. O-O O-O 9. d3 Bb6 {C47: Scotch Four Knights and Four Knights with 4 g3} 10. Nd2 $146 ({Predecessor:} 10. a4 Re8 11. Re1 a6 12. Be3 Ba5 13. Bd2 h6 14. Rb1 Bb6 15. Be3 Ba5 16. Bd2 Bb6 17. Nh4 {1-0 (31) Mamedyarov,S (2757)-Leko,P (2731) Sochi 2014}) 10... Be6 11. c4 Qd7 {The position is equal.} 12. Ba3 Rfe8 13. Nb3 a5 14. Rb1 Bh3 15. Bxh3 Qxh3 16. c5 Ba7 17. Nd2 Rab8 18. Ne4 b5 19. cxb6 $1 Bxb6 20. c3 h6 21. Nd2 $2 (21. Nc5 $11) 21... Rbd8 22. Qa4 Re6 $1 23. Qe4 Kh8 (23... f5 $1 $19 {[%cal Rf5e4]} 24. Qe2 Qg4 25. Qxg4 fxg4) 24. Kh1 (24. Nc4 $15) 24... f5 $17 25. Qe2 Ne7 (25... e4 $1 $17 26. d4 Bxd4 $1 {[%mdl 512]} 27. cxd4 Nxd4) 26. Bxe7 $11 Rxe7 27. Nc4 e4 (27... f4 $11) 28. Rfd1 (28. d4 $16) 28... Rf8 {[%cal Bd8f8,Bf8f4,Bf4e4,Be4e3][%mdl 32]} 29. Rb5 $2 (29. d4 $11) 29... f4 $1 $36 {[%cal Rf4g3][%mdl 2048] aiming for ...fxg3. Black is really pushing.} 30. Ne5 {[#] Threatens to win with Ng6+.} ({Avoid the trap} 30. Nxb6 $2 fxg3 31. Rh5 exd3 $19) 30... Re6 $1 {...fxg3 is the strong threat.} ({And not} 30... Rxe5 31. Rxe5 fxg3 32. fxg3 $16) 31. gxf4 (31. Qf1 $17 Qxf1+ 32. Rxf1) 31... Rxf4 $19 {( -> ...Rh4)} 32. d4 Ref6 $2 ({Better is} 32... Rh4 $19 {[%csl Gh4][%cal Rh3h2]} 33. f3 exf3) 33. f3 $2 (33. Qe3 $11 Qh4 34. Rf1) 33... exf3 34. Qf2 Re4 35. Qf1 $2 (35. Qg3 Qxg3 36. hxg3) 35... Qxf1+ $2 (35... Qh5 $19 {is more deadly.} 36. Qf2 Re2) 36. Rxf1 $17 Re3 $2 ({Black should try} 36... Kh7 $17 37. Nd7 Rff4) 37. Ng4 $11 Rxc3 {Strongly threatening ...Rd6.} 38. Nxf6 gxf6 {[%mdl 4096] Endgame KRR-KRB} 39. d5 Rd3 40. Rb3 Rxb3 $2 ({Black should play} 40... Rxd5 $14 41. Rbxf3 Bd4) 41. axb3 $14 {KR-KB} f2 42. Kg2 Kg7 43. Rc1 Kf7 (43... Kg6 $142 44. Rc6 Be3 45. Rxc7 Bd4) 44. Rc6 $18 Ke7 {[#]} 45. d6+ $1 {[%mdl 576] Double Attack} Kd7 {[#]} (45... cxd6 46. Rxb6) 46. dxc7 $1 {[%mdl 576] Discovered Attack} f1=Q+ (46... Bxc7 47. Rxf6) 47. Kxf1 Bxc7 48. Rxf6 Bxh2 49. Rxh6 Bd6 50. Ke2 a4 $2 (50... Kc6 $18 51. Rh5 Bc5) 51. bxa4 {White mates.} Kc7 52. a5 Bf4 53. Rb6 Be5 54. Kd3 Bg3 55. Kc4 Be1 {[#]} 56. Rb5 $1 Bf2 57. Kd5 Be3 58. a6 Bf2 59. Rb7+ Kc8 60. Kc6 {Accuracy: White = 49%, Black = 27%.} 1-0

[Event "46th Roda Open 2019"]
[Site "La Roda"]
[Date "2019.04.20"]
[Round "6.7"]
[White "Torres Sanchez, Jose"]
[Black "Sivuk, Vitaly"]
[Result "1/2-1/2"]
[WhiteElo "2200"]
[BlackElo "2523"]
[Annotator "TA"]
[PlyCount "161"]
[EventDate "2019.04.17"]
[EventType "swiss"]
[EventCountry "ESP"]
[SourceTitle "playchess.com"]
[Source "ChessBase"]
[SourceQuality "1"]

{[%evp 18,161,-22,-18,-20,-22,-10,-22,0,-9,0,-13,0,0,0,0,25,30,57,50,29,35,24,33,44,56,174,47,47,46,64,0,0,-33,-30,-29,-7,-10,0,-20,-1,-51,-31,-39,-55,-65,-68,-54,0,0,0,0,0,0,0,0,0,0,0,0,0,0,8,0,25,25,80,80,80,80,80,80,89,84,255,200,208,79,79,79,79,78,78,78,78,78,78,78,79,78,78,78,79,78,78,78,79,78,79,79,79,79,79,79,79,79,79,79,79,79,79,79,79,79,79,79,79,79,79,79,79,79,79,79,79,79,79,79,79,79,79,79,79,79,79,79,79,79,79,79,79,79,79,79,79,0]} 1. Nf3 c5 2. e4 d6 3. d4 cxd4 4. Nxd4 Nf6 5. Nc3 a6 6. Be2 e5 7. Nb3 Be7 8. O-O O-O 9. f4 b5 {[%cal Bb7b5,Bb5b4][%mdl 32]} 10. a4 b4 {B92: Sicilian Najdorf: 6 Be2} (10... Bb7 11. Bf3 Nc6 12. Kh1 Na5 13. Qe1 Nxb3 14. cxb3 b4 15. Nd5 Nxd5 16. exd5 Bf6 17. Qxb4 Rb8 18. Qc4 {1-0 (39) Ye,J (2677)-Sutovsky,E (2651) Batumi 2001}) 11. Nd5 Nxd5 12. exd5 a5 {The position is equal.} 13. Bb5 $146 ({Predecessor:} 13. Be3 Nd7 14. fxe5 Nxe5 15. Nd4 Bg5 16. Qd2 Bxe3+ 17. Qxe3 Qb6 18. Nf5 Qxe3+ 19. Nxe3 Ba6 20. Bxa6 Rxa6 21. b3 {½-½ (21) Liska,L-Butze,R ICCF corr 1982}) 13... Nd7 14. c3 bxc3 15. bxc3 Bf6 16. Ra2 Ba6 17. c4 Nb6 18. Bxa6 $1 Rxa6 19. c5 dxc5 20. Nxc5 Ra7 21. d6 Nc4 (21... exf4 $14 22. Bxf4 Re8) 22. Qd5 (22. Ne4 $1 $18) 22... Nxd6 $14 23. fxe5 Nc8 24. Qxd8 (24. Qe4 $1 $14 Re7 25. Bf4 (25. Rxf6 $2 gxf6 26. Qg4+ Kh8 $19)) 24... Bxd8 $11 25. Ne4 Bb6+ 26. Kh1 Rd8 27. g3 h6 28. Rb2 Rc7 29. Rb5 Rc4 30. Nd6 $1 {[%cal Rd6c4]} Nxd6 31. Rxb6 Ne4 32. Rb7 f6 ({Black should try} 32... Rxa4 $15 33. Be3 Rf8) 33. exf6 Nxf6 34. Bxh6 Rd7 35. Rxd7 Nxd7 {[%mdl 4096] Endgame KRB-KRN} 36. Bf4 Rxa4 37. Rc1 Kf7 38. Kg2 Ra2+ 39. Kf3 a4 40. h4 a3 41. Rc7 Ke8 (41... Ke6 $11) 42. Ra7 $16 Ra1 43. Kg4 a2 44. Kg5 Nc5 45. Kg6 Ne6 $2 (45... Ne4 $16) 46. Bg5 Nd4 47. g4 (47. Kxg7 $18 {and the rest is easy. Re7+ is the strong threat.} Ne6+ 48. Kg8) 47... Rg1 {White is better.} 48. Rxa2 {Threatens to win with Ra8+.} Rxg4 49. Ra8+ Kd7 50. Ra7+ Ke6 51. Re7+ Kd6 52. Rxg7 Rg1 53. Rf7 Rg3 54. Rf4 (54. Rh7 {looks sharper.} Ke6 55. Re7+ Kd5 56. Re8 Ne6 57. Ra8) 54... Nf3 55. Ra4 Nxh4+ 56. Rxh4 {KRB-KR} Rg1 57. Re4 Rf1 58. Bf4+ Kd5 59. Kf5 Rd1 {[#]} 60. Re8 $1 {[%cal Re8d8] Rd8+ would kill now.} Rd3 61. Be3 Kc6 62. Ke4 Rd6 63. Bd4 Kd7 64. Rh8 Re6+ 65. Be5 Re8 66. Rh1 Ke6 67. Rh6+ Kd7 68. Kd5 Re7 69. Ra6 Rf7 70. Ra8 Ke7 {[#]} 71. Rb8 $1 Kd7 72. Rh8 Ke7 73. Rh6 Kd7 74. Rd6+ Ke7 75. Re6+ Kd7 76. Bf6 Rh7 77. Ra6 {Intending Ra7+ and mate.} Rf7 78. Ke5 Ke8 79. Ra8+ Kd7 80. Rh8 Kc6 81. Kd4 {Accuracy: White = 75%, Black = 51%.} (81. Rh1 $16) 1/2-1/2

[Event "46th Roda Open 2019"]
[Site "La Roda"]
[Date "2019.04.20"]
[Round "6.8"]
[White "Burmakin, Vladimir"]
[Black "Cabezas Ayala, Ivan"]
[Result "1-0"]
[WhiteElo "2495"]
[BlackElo "2312"]
[Annotator "TA"]
[PlyCount "103"]
[EventDate "2019.04.17"]
[EventType "swiss"]
[EventCountry "ESP"]
[SourceTitle "playchess.com"]
[Source "ChessBase"]
[SourceQuality "1"]

{[%evp 11,103,0,0,0,23,0,8,7,14,18,25,0,15,18,24,0,6,0,20,8,32,31,72,13,37,19,52,54,51,32,43,22,31,51,81,89,83,63,67,66,90,98,99,57,74,66,64,76,100,119,108,89,107,65,95,72,88,89,94,84,78,83,118,49,121,89,129,118,115,104,136,116,166,156,158,142,237,214,258,237,285,218,347,352,466,463,545,532,766,759,759,759,927,775]} 1. Nf3 Nf6 2. d4 g6 3. Bf4 Bg7 4. e3 O-O 5. Be2 c5 6. O-O b6 7. a4 {A48: 1 d4 Nf6 2 Nf3 g6: Torre, London and Colle Systems} (7. d5 d6 8. Nc3 Na6 9. e4 Nc7 10. a4 Re8 11. Re1 Nh5 12. Bg5 h6 13. Bh4 g5 14. Nd2 Nf4 {1-0 (36) Grischuk,A (2766)-Aronian,L (2764) Leuven 2018}) 7... Bb7 (7... Nc6 8. d5 Nb4 9. Nc3 Nh5 10. Bg5 h6 11. Bh4 g5 12. Nd2 gxh4 13. Bxh5 e6 14. Bf3 Rb8 {1-0 (67) Burmakin,V (2518)-Cabezas Ayala,I (2308) La Roda 2017}) 8. h3 d6 9. Bh2 {The position is equal.} a6 10. c3 Nbd7 11. Qb3 Qc7 12. Rd1 Rac8 13. Na3 cxd4 14. exd4 Qb8 {[#]} 15. Nc2 $146 ({Predecessor:} 15. c4 e5 16. dxe5 dxe5 {1-0 (30) Burmakin,V (2608)-Gallego Alcaraz,A (2377) Sabadell 2012}) 15... Qa8 16. Ne3 Nd5 17. Nxd5 (17. Bxa6 $16 Bxa6 18. Nxd5) 17... Bxd5 $11 18. c4 Bxf3 19. Bxf3 Qa7 20. Bf4 Qc7 21. Rac1 e5 22. Be3 Rcd8 23. dxe5 Bxe5 24. Qa3 $36 {[%mdl 2048] White has some pressure.} a5 25. b4 axb4 26. Qxb4 Nc5 27. Rc2 Rb8 28. Ra2 Qe7 29. Qd2 Ne6 30. Rb1 Nc5 31. Re1 Qc7 32. Qd5 Ne6 33. Qd3 Nc5 34. Qd2 Rfe8 35. Rd1 Ne6 36. Bd5 Nc5 37. g3 (37. Rb1 $16) 37... Bg7 ({Black should play} 37... Qd7 $14) 38. h4 h5 39. Bf3 Be5 40. Kg2 Qe7 41. Bc6 Rec8 {[#]} 42. Bd5 $1 Bf6 43. Re1 {Hoping for Bxc5.} Qf8 (43... Re8 $16 {was called for.} 44. Qc2 Kh7) 44. Bf4 {Strongly threatening Bxd6!} Rd8 45. Ra3 Kh7 46. Rf3 {aiming for Bg5.} Rd7 (46... Bg7 {keeps fighting.} 47. Bg5 f6) 47. Bc6 $18 Rdd8 48. Bg5 {White is clearly winning.} Bxg5 49. Qxg5 {Re7! is the strong threat.} ({Not} 49. hxg5 Nd7 $18) 49... Nd7 {[#]} 50. Rxf7+ $1 {[%mdl 512]} Qxf7 {[#]} 51. Re7 $1 {[%mdl 512]} Ne5 52. f4 {Accuracy: White = 54%, Black = 20%.} 1-0

[Event "46th Roda Open 2019"]
[Site "La Roda"]
[Date "2019.04.20"]
[Round "7.1"]
[White "Popov, Ivan"]
[Black "Perez Candelario, Manuel"]
[Result "1/2-1/2"]
[WhiteElo "2585"]
[BlackElo "2615"]
[Annotator "TA"]
[PlyCount "43"]
[EventDate "2019.04.17"]
[EventType "swiss"]
[EventCountry "ESP"]
[SourceTitle "playchess.com"]
[Source "ChessBase"]
[SourceQuality "1"]

{[%evp 20,21,-5,0]} 1. e4 e5 2. Nf3 Nc6 3. Nc3 Nf6 4. d4 exd4 5. Nxd4 Bb4 6. Nxc6 bxc6 7. Bd3 d5 8. exd5 O-O 9. O-O cxd5 10. Bg5 c6 11. Qf3 {Predecessor:} Bd6 $146 12. Rae1 Rb8 13. Nd1 h6 14. Bxf6 Qxf6 15. Qxf6 gxf6 16. b3 Kg7 17. Ne3 Re8 18. Nf5+ Bxf5 19. Bxf5 Re5 20. Bd3 Bb4 21. Re3 Rxe3 22. fxe3 {½-½ (35) Duda,J (2738)-Ding,L (2813) Wijk aan Zee 2019} 1/2-1/2

[Event "46th Roda Open 2019"]
[Site "La Roda"]
[Date "2019.04.20"]
[Round "7.2"]
[White "Solodovnichenko, Yuri"]
[Black "Forcen Esteban, Daniel"]
[Result "1/2-1/2"]
[WhiteElo "2554"]
[BlackElo "2567"]
[Annotator "TA"]
[PlyCount "25"]
[EventDate "2019.04.17"]
[EventType "swiss"]
[EventCountry "ESP"]
[SourceTitle "playchess.com"]
[Source "ChessBase"]
[SourceQuality "1"]

{[%evp 9,23,0,33,25,33,25,35,39,26,23,26,21,19,15,21,23]} 1. e4 e5 2. Nf3 Nc6 3. Bb5 g6 4. d4 exd4 5. c3 Bg7 6. cxd4 {C60: Ruy Lopez: Unusual Black 3rd moves and 3...g6} a6 7. Ba4 b5 8. Bc2 {White is slightly better.} d6 9. h3 Nf6 10. Nc3 O-O 11. O-O Bb7 12. Re1 {Predecessor:} Re8 $146 13. Bg5 {0-1 (64) Sevian,S (2647)-Dreev,A (2670) chess.com INT 2019} 1/2-1/2

[Event "46th Roda Open 2019"]
[Site "La Roda"]
[Date "2019.04.20"]
[Round "7.3"]
[White "Predke, Alexandr"]
[Black "Mogranzini, Roberto"]
[Result "1-0"]
[WhiteElo "2619"]
[BlackElo "2449"]
[Annotator "RC"]
[PlyCount "91"]
[EventDate "2019.04.17"]
[EventType "swiss"]
[EventCountry "ESP"]
[SourceTitle "playchess.com"]
[Source "ChessBase"]
[SourceQuality "1"]
[TimeControl "5400+30"]

1. e4 {[%emt 0:01:20]} d6 {[%emt 0:00:00]} 2. d4 {[%emt 0:00:16]} Nf6 {[%emt 0:00:00]} 3. Nc3 {[%emt 0:00:56]} e5 {[%emt 0:00:00]} 4. Nf3 {[%emt 0:01:28]} Nbd7 {[%emt 0:00:06]} 5. Bc4 {[%emt 0:00:24]} Be7 {[%emt 0:01:08]} 6. O-O {[%emt 0:00:17]} O-O {[%emt 0:00:05]} 7. Re1 {[%emt 0:00:38]} exd4 {[%emt 0:01:09]} 8. Qxd4 {[%emt 0:04:07]} Nb6 {[%emt 0:00:11]} 9. Be2 {[%emt 0:07:28]} c5 {[%emt 0:05:07]} 10. Qd3 {[%emt 0:12:38]} d5 {[%emt 0:02:08]} 11. exd5 {[%emt 0:04:55]} Nbxd5 {[%emt 0:02:36]} 12. Nxd5 {[%emt 0:02:33]} Nxd5 {[%emt 0:01:01]} 13. Rd1 {[%emt 0:05:18]} Nf6 {[%emt 0:16:06]} 14. Bf4 {[%emt 0:10:41]} Qxd3 {[%emt 0:01:46]} 15. Bxd3 {[%emt 0:00:18]} Bg4 {[%emt 0:03:48]} 16. Re1 {[%emt 0:01:09]} Nd5 {[%emt 0:01:41]} 17. Bc4 {[%emt 0:07:18]} Nxf4 {[%emt 0:03:06]} 18. Rxe7 {[%emt 0:00:03]} Bxf3 {[%emt 0:03:38]} 19. gxf3 {[%emt 0:00:03]} Rab8 {[%emt 0:01:32]} 20. a4 {[%emt 0:02:01]} Ng6 {[%emt 0:00:49]} 21. Rc7 {[%emt 0:02:59]} Ne5 {[%emt 0:05:08]} 22. Bd5 {[%emt 0:02:05]} Rfc8 {[%emt 0:17:25]} 23. Rxc8+ {[%emt 0:05:03]} Rxc8 {[%emt 0:00:01]} 24. Re1 {[%emt 0:00:22]} Re8 {[%emt 0:01:01]} 25. Kf1 {[%emt 0:04:07]} Kf8 {[%emt 0:02:24]} 26. Bxb7 {[%emt 0:00:06]} Nc4 {[%emt 0:01:41]} 27. Rxe8+ {[%emt 0:01:17]} Kxe8 {[%emt 0:00:01]} 28. b3 {[%emt 0:00:20]} Nd6 {[%emt 0:00:15]} 29. Ba6 {[%emt 0:00:43]} g5 {[%emt 0:00:15]} 30. f4 {[%emt 0:04:40]} f6 {[%emt 0:02:51]} 31. Ke2 {[%emt 0:05:07]} Ke7 {[%emt 0:00:04]} 32. Ke3 {[%emt 0:01:01]} h6 {[%emt 0:00:10]} 33. c3 {[%emt 0:02:34]} Ke6 {[%emt 0:01:01]} 34. a5 {[%emt 0:02:27]} Kd5 {[%emt 0:01:12]} 35. Be2 {[%emt 0:00:50]} c4 {[%emt 0:07:20]} 36. Bf3+ {[%emt 0:05:21]} Ke6 {[%emt 0:00:27]} 37. b4 {[%emt 0:01:22]} Nb5 {[%emt 0:00:18]} 38. fxg5 {[%emt 0:02:43]} hxg5 {[%emt 0:00:02]} 39. Bc6 {[%emt 0:00:16]} Nxc3 {[%emt 0:00:58]} 40. Kd4 {[%emt 0:00:01]} Nd1 {[%emt 0:00:53]} 41. Bf3 {[%emt 0:01:58]} Nb2 {[%emt 0:08:01]} 42. Bd5+ {[%emt 0:01:02]} Kd6 {[%emt 0:00:03]} 43. Bxc4 {[%emt 0:00:02]} Nd1 {[%emt 0:00:28]} 44. f3 {[%emt 0:00:42]} Nf2 {[%emt 0:00:14]} 45. Ke3 {[%emt 0:00:44]} Nh3 {[%emt 0:00:03]} 46. Ke4 {[%emt 0:00:00] Kd5+} 1-0

[Event "46th Roda Open 2019"]
[Site "La Roda"]
[Date "2019.04.20"]
[Round "7.4"]
[White "Grachev, Boris"]
[Black "Gines Esteo, Pedro Antonio"]
[Result "1/2-1/2"]
[WhiteElo "2618"]
[BlackElo "2399"]
[Annotator "RC"]
[PlyCount "88"]
[EventDate "2019.04.17"]
[EventType "swiss"]
[EventCountry "ESP"]
[SourceTitle "playchess.com"]
[Source "ChessBase"]
[SourceQuality "1"]
[TimeControl "5400+30"]

1. d4 {[%emt 0:00:36]} d6 {[%emt 0:02:09]} 2. Nf3 {[%emt 0:00:31]} g6 {[%emt 0:00:13]} 3. e4 {[%emt 0:00:47]} Bg7 {[%emt 0:00:05]} 4. Bc4 {[%emt 0:01:01]} Nf6 {[%emt 0:05:18]} 5. Qe2 {[%emt 0:00:07]} d5 {[%emt 0:02:44]} 6. exd5 {[%emt 0:00:36]} Nxd5 {[%emt 0:00:14]} 7. O-O {[%emt 0:01:14]} O-O {[%emt 0:00:53]} 8. Bb3 {[%emt 0:03:26]} Bg4 {[%emt 0:05:52]} 9. h3 {[%emt 0:01:07]} Bxf3 {[%emt 0:00:06]} 10. Qxf3 {[%emt 0:00:04]} c6 {[%emt 0:00:06]} 11. c3 {[%emt 0:00:58]} e6 {[%emt 0:01:55]} 12. Nd2 {[%emt 0:06:25]} a5 {[%emt 0:01:39]} 13. a4 {[%emt 0:01:34]} Nd7 {[%emt 0:03:49]} 14. Nc4 {[%emt 0:00:43]} h6 {[%emt 0:12:57]} 15. Qg3 {[%emt 0:05:43]} Qb8 {[%emt 0:02:10]} 16. Qxb8 {[%emt 0:00:54]} Rfxb8 {[%emt 0:00:30]} 17. Bc2 {[%emt 0:00:37]} h5 {[%emt 0:10:54]} 18. Re1 {[%emt 0:10:22]} Bf6 {[%emt 0:10:47]} 19. Be4 {[%emt 0:03:48]} Kg7 {[%emt 0:01:52]} 20. Bf3 {[%emt 0:01:00]} Bd8 {[%emt 0:03:10]} 21. Ne3 {[%emt 0:02:52]} N7b6 {[%emt 0:09:54]} 22. Bd2 {[%emt 0:03:01]} Nxe3 {[%emt 0:01:39]} 23. Bxe3 {[%emt 0:04:41]} Nd5 {[%emt 0:00:43]} 24. Bd2 {[%emt 0:01:11]} Bc7 {[%emt 0:00:07]} 25. Re2 {[%emt 0:06:03]} Rd8 {[%emt 0:07:37]} 26. h4 {[%emt 0:03:31]} Rd7 {[%emt 0:00:09]} 27. g3 {[%emt 0:00:29]} Bd8 {[%emt 0:00:16]} 28. Kg2 {[%emt 0:03:13]} Bf6 {[%emt 0:00:10]} 29. Bg5 {[%emt 0:05:54]} Rh8 {[%emt 0:02:41]} 30. Bxf6+ {[%emt 0:01:16]} Kxf6 {[%emt 0:00:26]} 31. Re5 {[%emt 0:00:06]} Ra8 {[%emt 0:02:22]} 32. Ra3 {[%emt 0:00:44]} Ra6 {[%emt 0:01:50]} 33. Rb3 {[%emt 0:01:39]} Ra7 {[%emt 0:02:35]} 34. Kf1 {[%emt 0:01:11]} Ke7 {[%emt 0:01:08]} 35. Re1 {[%emt 0:00:54]} Kd6 {[%emt 0:01:16]} 36. Ke2 {[%emt 0:05:14]} Kc7 {[%emt 0:00:12]} 37. Kd3 {[%emt 0:00:38]} Ra8 {[%emt 0:01:18]} 38. Ra3 {[%emt 0:01:28]} Rad8 {[%emt 0:02:13]} 39. Kc2 {[%emt 0:00:23]} Ne7 {[%emt 0:01:20]} 40. Re2 {[%emt 0:01:36]} b6 {[%emt 0:00:48]} 41. Be4 {[%emt 0:04:08]} Nc8 {[%emt 0:01:20]} 42. Bd3 {[%emt 0:01:17]} Ne7 {[%emt 0:01:20]} 43. Be4 {[%emt 0:03:37]} Nc8 {[%emt 0:00:17]} 44. Bd3 {[%emt 0:00:05]} Ne7 {[%emt 0:00:05]} 1/2-1/2

[Event "46th Roda Open 2019"]
[Site "La Roda"]
[Date "2019.04.20"]
[Round "7.5"]
[White "Campora, Daniel H."]
[Black "Grigoryan, Karen H."]
[Result "1-0"]
[WhiteElo "2405"]
[BlackElo "2545"]
[Annotator "TA"]
[PlyCount "131"]
[EventDate "2019.04.17"]
[EventType "swiss"]
[EventCountry "ESP"]
[SourceTitle "playchess.com"]
[Source "ChessBase"]
[SourceQuality "1"]

{[%evp 13,131,39,47,38,29,5,15,14,6,0,0,0,0,0,0,0,0,0,10,13,25,0,10,10,78,83,76,81,88,79,132,70,64,76,69,56,70,67,70,72,80,77,125,127,122,126,127,116,132,121,131,131,127,86,103,117,151,146,145,145,141,122,243,247,148,147,259,252,255,220,467,467,465,229,465,465,465,456,471,468,452,329,449,435,435,435,366,345,304,259,259,259,306,306,306,306,450,258,252,248,243,242,276,276,279,276,303,302,273,272,303,296,288,281,303,302,29978,29979,29979,29980]} 1. Nf3 c5 2. g3 d5 3. Bg2 Nc6 4. d4 cxd4 5. Nxd4 e5 6. Nxc6 bxc6 7. c4 Be6 8. O-O {D02: 1 d4 d5 2 Nf3 sidelines, including 2...Nf6 3 g3 and 2...Nf6 3 Bf4} (8. Nc3 Nf6 9. Bg5 Bb4 10. O-O Bxc3 11. bxc3 Qa5 12. cxd5 cxd5 13. c4 Rd8 14. cxd5 Bxd5 15. Bxf6 gxf6 16. Bxd5 Rxd5 {½-½ (33) Rakhmanov,A (2664)-Savchenko,B (2613) Khanty-Mansiysk 2016}) 8... Qd7 9. cxd5 cxd5 10. Nc3 {[%cal Rg2d5] The position is equal.} Rd8 11. e3 $146 ({Predecessor:} 11. e4 d4 12. Nd5 Bxd5 13. exd5 Bd6 14. f4 Ne7 15. fxe5 Bxe5 {1-0 (30) Fernandez Aguilar,F (2063)-Gonzalez Danilow,A (1855) Sabadell 2018}) 11... Nf6 12. Qa4 Be7 13. Bd2 O-O 14. Qxd7 Rxd7 15. Rfc1 Bf5 16. Na4 {[%cal Bc3a4,Ba4c5,Bc5d3,Bd3e5][%mdl 32]} Ne4 17. Be1 d4 18. f3 Nd6 (18... Ng5 $11 {remains equal.}) 19. e4 $1 $16 {[%cal Re4f5]} Bg6 20. Nc5 Rdd8 21. Nd3 Bg5 (21... f6 $142) 22. f4 (22. Rc6 $1 $16) 22... exf4 $14 23. gxf4 Bh6 24. Ba5 $1 Nxe4 25. Bxd8 Rxd8 26. Ne5 $1 $36 {[%cal Re5g6][%mdl 2048] White is on the roll.} Nf6 27. Nc6 Rf8 28. Rf1 $1 ({Of course not} 28. Nxd4 $6 Bxf4 29. Rc4 Ng4 $11) 28... d3 29. Ne7+ Kh8 30. Nxg6+ hxg6 31. Rad1 Nh5 32. Rxd3 Bxf4 33. Bd5 f5 34. Rh3 Bh6 35. Be6 $1 Nf6 36. Rc1 $1 Ng4 37. Rc7 a5 {[#]} (37... Kh7 $16) 38. Kf1 $1 $18 Ne3+ (38... Nf6 $18 39. Rf7 Re8) 39. Kf2 $16 Nd1+ {[#]} (39... f4 $16 40. Ra7 g5 41. Rxa5 Rf6) 40. Ke2 $1 $18 {[%cal Re2d1]} Nxb2 41. Rhc3 {Hoping for Rc8.} Bf4 $2 (41... Kh7 42. R7c6 Bg5) 42. Rc8 Rxc8 43. Rxc8+ {[%mdl 4096] Endgame KRB-KBN} ({Weaker is} 43. Bxc8 Kh7 $18) 43... Kh7 44. Rc2 Be5 45. Rc5 $1 {[%csl LRa5,LRe5]} Bxh2 46. Rxa5 Kh6 47. Bf7 Kg5 48. Ra6 Be5 49. Rxg6+ Kf4 50. Bb3 Ke4 51. Bc2+ Kd4 52. Bxf5 Kc5 53. Be6 Na4 54. Kd3 Kb4 (54... Kb6 $142 55. Bd7+ Ka5) 55. Bb3 (55. Rg4+ $142 Ka3 56. Rg5) 55... Nc5+ 56. Kc2 Bf6 57. Rg4+ Ka5 58. Rf4 Kb5 59. Bf7 Ka5 60. Rf5 Kb6 61. Be8 Ne6 {...Nd4+ is the strong threat.} 62. Kd3 Nc5+ 63. Kc4 Ne4 {aiming for ...Nd6+.} 64. Rd5 Nc3 $2 (64... Be7 $18 65. Re5 Nd6+ 66. Kd5 Bf8) 65. Rd6+ Ka5 {[#]} 66. Rxf6 $1 {[%mdl 576] Remove Defender. Accuracy: White = 78%, Black = 47%.} 1-0

[Event "46th Roda Open 2019"]
[Site "La Roda"]
[Date "2019.04.20"]
[Round "7.6"]
[White "Ibarra Jerez, Jose Carlos"]
[Black "Jimenez Martinez, Jose Vicente"]
[Result "1-0"]
[WhiteElo "2542"]
[BlackElo "2243"]
[Annotator "TA"]
[PlyCount "51"]
[EventDate "2019.04.17"]
[EventType "swiss"]
[EventCountry "ESP"]
[SourceTitle "playchess.com"]
[Source "ChessBase"]
[SourceQuality "1"]

{[%evp 11,117,38,40,21,42,32,25,49,15,14,43,43,52,33,72,63,83,50,79,31,51,40,216,222,575,588,587,572,528,308,290,314,420,418,404,414,612,610,705,517,1258,631,512,321,349,365,394,387,362,306,316,297,287,162,372,369,370,367,351,352,434,404,391,427,425,414,410,402,433,345,350,297,285,79,93,32,33,33,32,12,150,48,156,156,172,168,232,223,664,658,1439,1022,29941,5089,29943,7527,5081,4630,4964,4986,4614,2527,29983,29984,29984,29985,29989,29990]} 1. e4 d6 2. d4 g6 3. Nc3 Bg7 4. Be3 a6 5. Nf3 b5 6. Bd3 Bb7 7. e5 {B06: Modern Defence} Nd7 {[%cal Rd6e5]} 8. e6 fxe6 9. Ng5 {White has an edge.} Nf8 $1 10. O-O Nh6 11. a4 b4 12. Ne2 $36 {[%mdl 2048] White is pushing.} Nf7 $146 ({Predecessor:} 12... Nf5 13. c3 bxc3 14. Bxf5 cxb2 {½-½ (38) Potkin,V (2592)-Sviridov,V (2513) Yaroslavl 2018}) 13. f4 Nxg5 14. fxg5 e5 15. c3 (15. d5 $5) 15... Qd7 16. Qb3 O-O-O $2 (16... Ne6 $14) 17. d5 $1 $18 (17. Qxb4 Qe6 $14) (17. cxb4 exd4 18. Bd2 (18. Nxd4 $2 Bxd4 19. Bxd4 Qg4 $19 {[%mdl 64] Double Attack}) (18. Bxd4 $2 Qg4 $19 {[%mdl 64] Double Attack}) 18... Ne6 $17) 17... c6 $2 (17... e6 {is a better chance.}) 18. cxb4 cxd5 19. b5 {Strongly threatening Rac1+.} a5 20. Bb6 Ne6 21. Qc3+ (21. Bxa5 Rdf8 $15) 21... Kb8 22. Qxa5 {And now Qa7+ would win.} Ba8 23. Bxd8 Rxd8 (23... e4 $142 24. Bxe4 Rxd8) 24. b6 d4 25. Rac1 Qb7 {[#]} (25... Nc5 $142 26. b7 Bxb7) 26. Rf2 {Played: Bd3-e4} 1-0